| 000 | 00424nam a22001457a 4500 | ||
|---|---|---|---|
| 005 | 20150907151739.0 | ||
| 008 | 150907b xxu||||| |||| 00| 0 eng d | ||
| 040 | _cPK-LaUMT | ||
| 082 |
_aKHC R 491.43903 _bHUS-L |
||
| 100 | _aحسین آزاد، محمد | ||
| 245 |
_aلغت آزاد _cمحمد حسین آزاد |
||
| 260 |
_aلاہور _bشعبہ اردو اورینٹل کالج _c1924 |
||
| 300 | _a184 ص | ||
| 942 | _cBK | ||
| 999 |
_c75520 _d75520 |
||